The analysis of commercial lease transactions (Record no. 105334)

MARC details
000 -LEADER
fixed length control field 01550cam a2200337 4500
001 - CONTROL NUMBER
control field ##E133121
008 - FIXED-LENGTH DATA ELEMENTS--GENERAL INFORMATION
fixed length control field #DATE n2006 000 0 eng u
020 ## - INTERNATIONAL STANDARD BOOK NUMBER
International Standard Book Number 1842192329
020 ## - INTERNATIONAL STANDARD BOOK NUMBER
International Standard Book Number 9781842192329
035 ## - SYSTEM CONTROL NUMBER
System control number (Sirsi) u133121
041 0# - LANGUAGE CODE
Language code of text/sound track or separate title eng
050 04 - LIBRARY OF CONGRESS CALL NUMBER
Classification number 333.332 $2 18
110 2# - MAIN ENTRY--CORPORATE NAME
Corporate name or jurisdiction name as entry element Royal Institution of Chartered Surveyors
Subordinate unit Valuation Faculty
9 (RLIN) 4354
245 04 - TITLE STATEMENT
Title The analysis of commercial lease transactions
260 ## - PUBLICATION, DISTRIBUTION, ETC.
Place of publication, distribution, etc. London
Name of publisher, distributor, etc. RICS
Date of publication, distribution, etc. 2006
300 ## - PHYSICAL DESCRIPTION
Extent iv, 24p.
Dimensions 30cm.
350 ## - PRICE (NR) (BK AM CF MU VM SE) [OBSOLETE]
Price 20
490 #0 - SERIES STATEMENT
Series statement RICS Information Paper
490 #0 - SERIES STATEMENT
Series statement RICS Valuation Information Paper
Volume/sequential designation (08)
520 ## - SUMMARY, ETC.
Summary, etc. Aims to assist valuers to establish rental value. Evidence of new lettings will generally carry more weight than rents agreed or determined on review. However, new lettings frequently include rent-free periods or other forms of incentive. Explores some of the factors that the valuer may need to consider in assessing the impact of such incentives on the rent agreed and its analysis.
520 ## - SUMMARY, ETC.
Summary, etc. Effective from 1 April 2006 to February 2012.Incorporated into the Red Book in 2011
590 ## - LOCAL NOTE (RLIN)
Local note IKA250406
650 24 - SUBJECT ADDED ENTRY--TOPICAL TERM
Topical term or geographic name entry element COMMERCIAL PROPERTY
650 24 - SUBJECT ADDED ENTRY--TOPICAL TERM
Topical term or geographic name entry element LEASES
650 24 - SUBJECT ADDED ENTRY--TOPICAL TERM
Topical term or geographic name entry element RICS appraisal and valuation standards
651 #4 - SUBJECT ADDED ENTRY--GEOGRAPHIC NAME
Geographic name International
690 ## - LOCAL SUBJECT ADDED ENTRY--TOPICAL TERM (OCLC, RLIN)
Topical term or geographic name as entry element Valuation
9 (RLIN) 6273
710 2# - ADDED ENTRY--CORPORATE NAME
Corporate name or jurisdiction name as entry element Royal Institution of Chartered Surveyors
9 (RLIN) 4900
856 41 - ELECTRONIC LOCATION AND ACCESS
Uniform Resource Identifier <a href="https://www.isurv.com/downloads/download/214/vip_08_the_analysis_of_commercial_lease_transactions_archived">https://www.isurv.com/downloads/download/214/vip_08_the_analysis_of_commercial_lease_transactions_archived</a>
Public note Archived on isurv (subscription required)
942 ## - ADDED ENTRY ELEMENTS (KOHA)
Suppress in OPAC 0
Source of classification or shelving scheme Dewey Decimal Classification
Holdings
Withdrawn status Lost status Source of classification or shelving scheme Damaged status Not for loan Home library Current library Shelving location Date acquired Total Checkouts Full call number Barcode Date last seen Copy number Price effective from Koha item type Date last checked out
    Dewey Decimal Classification     London London RICS Boxes 30/08/2006   RICS 2006/27 30073215 06/08/2019 1 06/08/2019 Archive  
    Dewey Decimal Classification     London London RICS Boxes 30/08/2006   RICS 2006/27 30073216 06/08/2019 1 06/08/2019 Reference material  
    Dewey Decimal Classification     London London RICS Boxes 26/09/2006 5 RICS 2006/27 30073305 06/08/2019 2 06/08/2019 Book 05/03/2008
    Dewey Decimal Classification     Virtual Virtual Online 12/07/2023   isurv   12/07/2023   12/07/2023 Online material